Statistics for NBA Teams ranked by total wins

Click here to take the quiz!

General Stats

  • This quiz has been taken 37 times
  • The average score is 8 of 10

Answer Stats

HintAnswer% Correct
2960Golden State Warriors
100%
3543Los Angeles Lakers
100%
3627Boston Celtics
97%
2967New York Knicks
90%
3093Phileadelphia 76ers
79%
2744Sacramento Kings
66%
2923Atlanta Hawks
59%
2825Detroit Pistons
59%
2463Oklahoma City Thunder
59%
2422Phoenix Suns
59%

Score Distribution

Percentile by Number Answered

Percent of People with Each Score

Your Score History

You have not taken this quiz